Statistics for U.S. States With More Than One City over 1 Million

Click here to take the quiz!

General Stats

  • This quiz has been taken 57 times
  • The average score is 11 of 13

Answers on the Map

Answers color-coded by a green-red scale on the quiz's map according to % correct below.
 

Answer Stats

HintAnswer% Correct
6California
100%
3New York
100%
4Texas
100%
4Florida
98%
2Arizona
94%
3Ohio
94%
2North Carolina
89%
2Pennsylvania
87%
2Michigan
79%
2Virginia
79%
2Tennessee
72%
2Missouri
70%
2Oklahoma
55%

Score Distribution

Percentile by Number Answered

Percent of People with Each Score

Your Score History

You have not taken this quiz